000 00770nam a2200205Ia 4500
005 20211111074531.0
008 130821s2005 mx grdd spa
020 _a9702204828
040 _aCo-BoUCM
_bspa
041 0 0 _aspa
245 0 0 _aDiccionario Compact español - portugués portugués - español
246 0 0 _aLarousse Diccionario Compact
_bespañol - portugués portugués - español
260 _aMéxico D.F. (México)
_bEdiciones Larousse
_c2005
300 _a407 páginas
650 0 4 _aEspañol
_vDiccionarios y enciclopedias
_xPortugués
_97588
650 0 4 _aLingüística aplicada
_9439
650 0 4 _aPortugués
_vDiccionarios y enciclopedias
_xEspañol
_97952
942 _a12
_e1
_kR
_mD545
_cLIBRO
_2DEWEY
_h469.3
999 _c51656
_d51656